000 00531nas a2200181 a 4500
001 000016665
005 20200929164938.0
008 100308c19779999dr ur1p 0 0spa d
040 _aDO-SdBNP
_cspa
043 _anwdr---
245 0 0 _aEl forestal.
260 _aSanto Domingo :
_bEditora Cultura Dominicana,
_c1977-.
300 _av. :
_bil. ;
_c27 cm.
310 _aDesconocida
362 0 _aAño 1. No. 2. (abr. 1977-)
500 _aTítulo tomado de la cubierta
500 _aÓrgano Oficial de la Dirección General Forestal
999 _c16198
_d16198